000 00498nam a2200181Ia 4500
001 8083
005 20260306160543.0
008 260306t2014||||xx |||||||||||||| ||spa||
041 _aESP
082 _a370.1
_bM26
100 _aMartínez, Gustavo Roberto
_eAUT
245 0 _aHora libre para alumnos más libres:
_b100 propuestas de trabajo para transformar las horas libres
260 _c2014
300 _a303 páginas :
_c22 cm.
650 _aGEN
654 _aCED
942 _cLIB
_dJUS
_fJUS
_2ddc
_n
999 _c8083
_d8083